00891nam a2200265Ia 4500001000500000005001700005008004100022020001500063020001800078040003500096084001100131100002400142245007300166250002300239264002700262300004300289336002700332337003300359338002800392490002000420650005200440650005200492650004100544700004000585590220260227212852.0160825s1998 ck a g 000 0 spa  a9586154726 a9789586154727 aCO-BoRNBPbspaerdacCO-BoRNBP aN VAS11 aVasco, Irened1952-10aComo todos los díascIrene Vasco ; ilustración Esperanza Vallejo a6a. reimpresión  aBogotábEducarc1998 a104 páginas bilustraciones c22 cm  atextobtxt2rdacontent asin mediaciónbn2rdamedia avolumenbnc2rdacarrier aEl duende verde142LEMBaCuentos infantiles colombianos ySiglo XX142LEMBaLiteratura infantil colombiana ySiglo XX142LEMBaAdolescentes en la literatura 1 aVallejo Jaramillo, Esperanzad1951-